000 01986cam a22004934i 4500
003 PE-LiUPU
005 20250731173023.0
008 150623s r 000 0 d
020 _a080541066X
035 _a(Sirsi) i9780805410662
040 _aPE-LiUPU
_bspa
_cPE-LiUPU
_erda
049 _aPRUA
082 0 4 _a241
_bT83
_221
100 1 _aTrull, Joe E.,
_eautor.
245 1 0 _aWalking in the way :
_ban introduction to Christian ethics /
_cJoe E. Trull.
264 1 _aNashville, Tennessee :
_bBroadman & Holman Publishers,
_c1997.
300 _a344 páginas ;
_c24 centímetros
336 _atext
_2rdacontent
337 _aunmediated
_2rdamedia
338 _avolume
_2rdacarrier
504 _aIncluye bibliografía.
505 0 _aFoundations for christian ethics. -The bible and christian wthics. -The ethics of the bible. -The christian, the chirch, and the world. -Issues in christian ethics: sexuality and marriage. -human equality-gender and race. -Biomedical ethics. -Economics and politics.
526 _aSEG42
526 _aSEG41
526 _aSEG40
526 _aSEG39
526 _aP94
526 _aP87
526 _aP86
526 _aP85
526 _aP77
526 _aP76
526 _aP35
650 0 4 _aEtica cristiana.
_91047
942 _2ddc
_cBOOK
949 _a241 T83
_wDEWEY
_c1
_i47864
_lCCODEBUL1
_mBUL
_r0
_sY
_tBOOK
_u2015-6-24
_xTEOLOGIA
_PP35
_0COMPRA
_o.STAFF. Colección General
949 _a241 T83
_wDEWEY
_c2
_i47856
_lCCODEBUL1
_mBUL
_r0
_sY
_tBOOK
_u2015-6-24
_xTEOLOGIA
_PP35
_0COMPRA
_o.STAFF. Colección General
994 _aC0
_bPEPRU
596 _a1
999 _a241 T83
_wDEWEY
_c24328
_i47864
_f2021-11-10
_g5
_lCCODEBUL1
_mBUL
_r0
_sY
_tBOOK
_u2015-6-24
_xTEOLOGIA
_PP35
_0COMPRA
_o.STAFF. Colección General
_d24328
999 _a241 T83
_wDEWEY
_c2
_i47856
_f2021-11-10
_g5
_lCCODEBUL1
_mBUL
_r0
_sY
_tBOOK
_u2015-6-24
_xTEOLOGIA
_PP35
_0COMPRA
_o.STAFF. Colección General
980 _81
_gALBERTO SANCHEZ Responsable de Automatización